000 01225nam0a22003011 4500
001 rc\3035027
005 20250810061658.0
035 _a(NLR Aleph) 007175706
090 _a7391059
_c7391059
100 _a20111003d1941 u y0rusy50 ca
101 0 _arus
102 _aRU
105 _aa z |||||
200 1 _aБотанико-географический очерк Армении
_e(С картой растительности)
210 _aТбилиси
_aЕреван
_cБ. и.
_d1941
_gтип. "Заря Востока"
215 _a[4], 180 с.
_cил.
_d24 см
225 1 _aТруды Ботанического института Армфан
_fАкад. наук СССР - Арм. филиал. Ботан. ин-т
_vТ. 2
300 _aРезюме на англ. яз.
320 _aБиблиогр.: "Литература" (с. 149-152)
700 1 _4070
_7ca
_8rus
_aТахтаджян
_bА. Л.
_f1910-2009
_gАрмен Леонович
_92642811
_3RU\NLR\AUTH\770273215
801 0 _aRU
_bNLR
_gpsbo
801 1 _aRU
_bELAR
_2rusmarc
852 _aNLR
_bОНЛ
942 _cBOOK
945 _aРоссийская национальная библиотека
980 _aNB
980 _aBV